LEADER 00964cam0 2200277 450 001 E600200063725 005 20241104092557.0 100 $a20100511d1868 |||||ita|0103 ba 101 $aeng 102 $aDE 200 1 $aCymbeline$fby William Shakespeare$gfrom the text of Rev. Alexander Dyce's 205 $a2. ed 210 $aLeipzig$cTauchniz$d1868 215 $a78 p.$d16 cm 225 2 $aThe Plays of William Shakespeare in 37 partes$v33 410 1$1001LAEC00028441$12001 $a*The Plays of William Shakespeare in 37 partes$v33 700 1$aShakespeare$b, William$3AF00003630$4070$0132200 801 0$aIT$bUNISOB$c20241104$gRICA 850 $aUNISOB 852 $aUNISOB$j090$m3821 912 $aE600200063725 940 $aM 102 Monografia moderna SBN 941 $aM 957 $a090$b000156$gNo$d3821$1beth$2UNISOB$3UNISOB$420100511092219.0$520241104092557.0$6rovito$fConsultabile previa autorizzazione 996 $aCymbeline$917660 997 $aUNISOB